000 00269nam a2200109Ia 4500
008 190919s9999||||xx |||||||||||||| ||und||
100 _aProf.M.Saeed Nasir
245 0 _aIntroduction to Business
260 _aLahore
_bImtiaz book
_c1987
300 _a180
942 _cBK
999 _c10875
_d10875